Hospitality security : managing security in today''s hotel, lodging, entertainment, and tourism environment

Đã lưu trong:
Bibliografiske detaljer
Hovedforfatter:  Clifton, Darrell
Format: Sách
Sprog:Undetermined
Udgivet:  CRC Press  2012
Fag:
Tags: Tilføj Tag
Ingen Tags, Vær først til at tagge denne postø!
Thư viện lưu trữ: Trung tâm Thư viện - Trường Đại học Công nghiệp TP. Hồ Chí Minh
LEADER 00575nam a2200157Ia 4500
001 UIH_02807
008 231011s9999 xx 000 0 und d
082 |a  647.94 
100 |a  Clifton, Darrell 
245 0 |a  Hospitality security : managing security in today''s hotel, lodging, entertainment, and tourism environment 
245 0 |c  Clifton, Darrell 
260 |b  CRC Press 
260 |c  2012 
650 |a  Hotels; Restaurants; Biện pháp an ninh;  
927 |a Sách 
980 |a Trung tâm Thư viện - Trường Đại học Công nghiệp TP. Hồ Chí Minh